Hydinári v Spišskom Podhradí vsadili na novú technológiu

Bibliographic Details
Main Author: -sa- (Author)
Corporate Author: Tatra-Agrolev, Levoča (Author)
Format: Article
Language:Slovak
Subjects:

MARC

LEADER 00000nab a2200000 a 4500
001 vtls001014696
003 SK-MaSNL
005 20260303165453.0
008 040720e19970721xo 0 slo
035 |a SN649 
040 |a SNSK  |b slo  |c SNSK  |e AACR2 
041 0 |a slo 
044 |a xo  |c SK 
080 |a 636.5  |2 1981 
100 0 |a -sa-  |4 aut  |9 841024 
245 1 0 |a Hydinári v Spišskom Podhradí vsadili na novú technológiu 
610 2 7 |a Tatra-Agrolev, Levoča  |2 SNSK  |9 1021643 
650 0 7 |a farmy hydinárske  |2 SNSK  |9 954360 
650 0 7 |a nové technológie  |2 SNSK  |9 70295 
651 7 |a Spišské Podhradie (Slovensko)  |2 SNSK  |9 26697 
651 7 |a SN,  |2 SNSK  |9 1021277 
655 7 |a periodikum  |2 snkbucl  |9 29553 
710 2 |a Tatra-Agrolev, Levoča  |4 aut  |9 1021643 
773 0 8 |t Spišský kuriér  |g Roč. 6, č.29, 21.7.1997, s. 3 
852 |a ZVYKNI  |b KIS3GCP 
999 |c 2071907  |d 2073837